Statystyki dla Jaki to piłkarz?

Kliknij tutaj aby rozwiązać quiz!

Ogólne statystyki

  • Ten quiz został rozwiązany 6 630 razy
  • Średni wynik to 11 z 19

Statystyki odpowiedzi

HintOdpowiedź% Poprawnych
Mąż ShakiryGerrard Pique
96%
Prezes PZPNZbigniew Boniek
92%
Przerwał passe Messiego i Ronaldo w zdobywaniu złotej piłkiLuka Modric
80%
Bramkarz w kaskuPetr Cech
80%
Przeszedł z FC Barcelony do Realu MadrytLuis Figo
74%
Lewy obrońca słynący z wykonywania rzutów wolnychRoberto Carlos
72%
Jeden z bohaterów finału ligi mistrzów w 2005 roku, bramkarzJerzy Dudek
71%
Legendarny menedżer Manchesteru UnitedSir Alex Ferguson
70%
Strzelił zwycięskiego gola w Finale mistrzostw świata w 2014 rokuMario Gotze
60%
Prezydent Miami Inter CF, współwłaściciele Salford City FCDavid Beckham
59%
Posiadacz charakterystycznej grzywki na mundialu 2002Ronaldo Nazario
55%
Jedyny polak występujący w lidze chińskiejAdrian Mierzejewski
54%
Bramkarz który zdobył złotą piłkęLew Jaszyn
50%
Jego imie nosi lotnisko w Belfaście, miał problemy z alkoholemGeorge Best
44%
Obecny menedżer Derby CountyFrank Lampard
36%
Portugalski piłkarz urodzony w MozambikuEusebio
35%
Miał jedną nogę krótszą od drugiejGarrincha
28%
Należy do niego rekord Premier League w liczbie meczów z rzędu ze strzelonym golemJamie Vardy
27%
Trenował Crystal Palace przez 77 dni. HolenderFrank De Boer
15%

Rozkład punktacji

Percentyl według liczby udzielonych odpowiedzi

Procent ludzi z każdym wynikiem

Twoja historia wyników

Nie rozwiązałeś tego quizu